Vint-i-cinc biblioteques de la província de Barcelona / textos: Pere Ferreres i Alba Guerrero ; fotografies: Maribel Ruiz de Erenchun ; coordinació general: Direcció de Comunicació de la Diputació de Barcelona Pere Ferreres i Alba Guerrero ; fotografies:
MARC
| LEADER | 00000nam a2200000Ia 4500 | ||
|---|---|---|---|
| 001 | 21393 | ||
| 008 | 160829s2008 xx 000 0 cat d | ||
| 020 | |a 978-84-9803-285-7 | ||
| 080 | |a A-2-351 | ||
| 100 | |a Ferreres, Pere |9 44450 |e autor | ||
| 245 | |a Vint-i-cinc biblioteques de la província de Barcelona / textos: |b Pere Ferreres i Alba Guerrero ; fotografies: |b Maribel Ruiz de Erenchun ; coordinació general: |b Direcció de Comunicació de la Diputació de Barcelona | ||
| 260 | |a Barcelona : |b Diputació de Barcelona, |c 2008 | ||
| 300 | |a 413 p. : |b fot. col. ; |c 25 cm | ||
| 590 | |a Títol variant: 25 biblioteques de la província de Barcelona. | ||
| 590 | |a Text en català, castellà i anglès | ||
| 650 | 0 | |a Biblioteques públiques |x Barcelona (Catalunya : Província) |9 49209 | |
| 700 | |a Guerrero, Alba |9 44451 |e autor | ||
| 700 | |a Ruiz de Erenchun, Maribel, fot. |9 44452 |e fotografies | ||
| 710 | |a Barcelona (Catalunya : Província). |b Direcció de Comunicació |e entitat coordinadora |9 53855 | ||
| 901 | |a Arxiu | ||
| 942 | |n 1 |2 udc | ||
| 952 | |0 0 |1 0 |4 0 |6 A2351 |7 1 |9 51948 |a Arxiu |b Arxiu |d 2016-12-01 |l 0 |o A-2-351 |p 21393 |r 2016-12-01 00:00:00 |w 2016-12-01 |y ARXIU | ||
| 999 | |c 55795 |d 55795 | ||